| 000 | 00370nam a2200133Ia 4500 | ||
|---|---|---|---|
| 008 | 220217s9999||||xx |||||||||||||| ||und|| | ||
| 020 | _a9789387511675 | ||
| 082 | _a005.8 BAS | ||
| 100 |
_aBasta, Alfred and et. al _910474 |
||
| 245 | 0 | _aCyber securuty and cyber laws | |
| 260 |
_aCengage learning _bNew Delhi _c2018 |
||
| 300 |
_aXXIII, 442p. _b525 |
||
| 650 | _aWWW | ||
| 999 |
_c189184 _d189184 |
||